<?xml version="1.0" encoding="UTF-8"?>
<record
    xmlns:xsi="http://www.w3.org/2001/XMLSchema-instance"
    xsi:schemaLocation="http://www.loc.gov/MARC21/slim http://www.loc.gov/standards/marcxml/schema/MARC21slim.xsd"
    xmlns="http://www.loc.gov/MARC21/slim">

  <leader>01022nam a2200205 a 4500</leader>
  <controlfield tag="001">14577</controlfield>
  <controlfield tag="003">CO-ViMGA</controlfield>
  <controlfield tag="008">141112s2004    ck      r     000 u spa d</controlfield>
  <datafield tag="020" ind1=" " ind2=" ">
    <subfield code="a">8448111567</subfield>
  </datafield>
  <datafield tag="040" ind1=" " ind2=" ">
    <subfield code="a">CO-ViMGA</subfield>
    <subfield code="b">spa</subfield>
    <subfield code="c">CO-ViMGA</subfield>
  </datafield>
  <datafield tag="082" ind1="0" ind2="4">
    <subfield code="a">372.358 G653e Ej3</subfield>
  </datafield>
  <datafield tag="100" ind1="1" ind2=" ">
    <subfield code="a">Vejo Gallo, Primo</subfield>
    <subfield code="9">21316</subfield>
  </datafield>
  <datafield tag="245" ind1="1" ind2="0">
    <subfield code="a">educaci&#xF3;n en tecnologia 3</subfield>
  </datafield>
  <datafield tag="260" ind1=" " ind2=" ">
    <subfield code="a">Sta Fe de Bogot&#xE1; McGraw Hill 1997</subfield>
  </datafield>
  <datafield tag="300" ind1=" " ind2=" ">
    <subfield code="a">205 p.</subfield>
  </datafield>
  <datafield tag="505" ind1=" " ind2=" ">
    <subfield code="a">Estructuras - evoluci&#xF3;n Metrolog&#xED;a - instrumentos - normas Herramientas de corte - tipos Palanca Operadores aislados Electricidad generadores - elementos Dibujo tecnico - elementos - clases Plano sistemas de representaci&#xF3;n Empresa - clases - organizaci&#xF3;n - documentos Tecnolog&#xED;a - historia Biela Manivela Cig&#xFC;e&#xF1;al o manubrio - - Corriente electrica - magnitudes Electr&#xF3;nica Resistencias Documentos comerciales - clases Movimientos - transformaci&#xF3;n - transmisi&#xF3;n Educaci&#xF3;n en tecnolog&#xED;a 3</subfield>
  </datafield>
  <datafield tag="650" ind1="1" ind2="4">
    <subfield code="a">educaci&#xF3;n EN TECNOLOGIA </subfield>
    <subfield code="9">21317</subfield>
  </datafield>
  <datafield tag="650" ind1="1" ind2="4">
    <subfield code="a">TECNOLOGIA</subfield>
  </datafield>
  <datafield tag="942" ind1=" " ind2=" ">
    <subfield code="2">ddc</subfield>
    <subfield code="c">BK</subfield>
  </datafield>
  <datafield tag="999" ind1=" " ind2=" ">
    <subfield code="c">25164</subfield>
    <subfield code="d">25164</subfield>
  </datafield>
</record>
